000 00579nam a2200193 i 4500
001 130019
003 ES-MaACL
005 20230906193627.0
007 t|
008 070716s1945 sp ||||1| spa d
100 1 _aZunzunegui, Juan Antonio de.
_9118511
245 1 3 _aEl binomio de Newton y otros cuentos /
_cJuan Antonio Zunzunegui ; nota preliminar de F. S. A.
260 _aMadrid :
_bAguilar,
_c1945 (
_fRollán)
300 _a495 p. :
_bil. ;
_c12 cm.
490 1 _aCrisol
830 0 _aCrisol
_9180848
852 _aES-MaACL
_jB-10106
_bR.21447
999 _c130019
_d130019